James’s Sense of American Civil War in The American Scene
Elmentve itt :
| Szerző: | |
|---|---|
| Dokumentumtípus: | Könyv része |
| Megjelent: |
Lang
New York, Wien, Berlin, Paris, Frankfurt am Main, Bern
2014
|
| Sorozat: | Dis/Continuities. Toruń Studies in Language, Literature and Culture
Henry James Goes to War |
| Tárgyszavak: | |
| mtmt: | 2736696 |
| Online Access: | http://publicatio.bibl.u-szeged.hu/34883 |
| LEADER | 00922naa a2200229 i 4500 | ||
|---|---|---|---|
| 001 | publ34883 | ||
| 005 | 20241121083831.0 | ||
| 008 | 241011s2014 hu o 000 eng d | ||
| 020 | |a 9783631646014 | ||
| 024 | 7 | |a 2736696 |2 mtmt | |
| 040 | |a SZTE Publicatio Repozitórium |b hun | ||
| 041 | |a eng | ||
| 100 | 1 | |a Kovács Ágnes Zsófia | |
| 245 | 1 | 0 | |a James’s Sense of American Civil War in The American Scene |h [elektronikus dokumentum] / |c Kovács Ágnes Zsófia |
| 260 | |a Lang |b New York, Wien, Berlin, Paris, Frankfurt am Main, Bern |c 2014 | ||
| 300 | |a 16 | ||
| 300 | |a 75-90 | ||
| 490 | 0 | |a Dis/Continuities. Toruń Studies in Language, Literature and Culture | |
| 490 | 0 | |a Henry James Goes to War | |
| 650 | 4 | |a Nyelvek és irodalom | |
| 856 | 4 | 0 | |u http://publicatio.bibl.u-szeged.hu/34883/1/2014_JamesCivilWar_pub_txt.pdf |z Dokumentum-elérés |
| 856 | 4 | 0 | |u http://publicatio.bibl.u-szeged.hu/34883/12/2736696.pdf |z Dokumentum-elérés |